000 00776nam a2200229 a 4500
001 000010348
005 20240412074217.0
008 091006s2005 dr 001 p spa d
020 _z9993432046
040 _aDO-SdBNP
_bspa
_cBNPHU
082 _aRD861.44
_bG324e
100 1 _aGenao, Andrés,
_d1946-
_925360
245 1 0 _aEntre el cielo y la arena /
_cAndrés Genao ; prólogo José L. Peralta G.
260 _aSanto Domingo :
_bArgos,
_c2005.
300 _a47 p. ;
_c22 cm.
500 _aIncluye datos biográficos del autor en la solapa de la cubierta.
590 _aInventariado, 2018/LP
650 0 _aPoesía dominicana
_966
650 0 _aLiteratura dominicana.
_967
700 1 _aPeralta G., José L.,
_epról.
_925361
910 _aValidado. Control de calidad BNPHU
999 _c10107
_d10107